[Event "Poznan-B"]
[Site "Poznan"]
[Date "1987.??.??"]
[Round "9"]
[White "Maciejewski, Miroslaw"]
[Black "Weglarz, Leszek"]
[Result "1-0"]
[WhiteElo "2285"]
[BlackElo "2300"]

1.d4 Nf6 2.c4 e6 3.Nc3 Bb4 4.Nf3 c5 5.g3 b6 6.Bg2 Bb7 7.O-O cxd4 8.Qxd4 Nc6
9.Qd3 O-O 10.Bf4 Bxc3 11.Qxc3 d5 12.Ne5 Rc8 13.Rfd1 Nxe5 14.Bxe5 Nd7 15.b3 Nxe5
16.Qxe5 Rc5 17.cxd5 exd5 18.Rac1 Re8 19.Qb2 Qc7 20.Rxc5 Qxc5 21.Rc1 Rxe2
22.Rxc5 Rxb2 23.Rc7 Rb1+ 24.Bf1 Ba6 25.Rxa7 Rxf1+ 26.Kg2 Kf8 27.Rxa6 Ra1
28.Kf3 Ke7 29.Ke3 Kd7 30.Ra7+ Ke6 31.Ra6 Kf5 32.a4 b5 33.axb5 Rb1 34.g4+ Kxg4
35.Ra4+ Kf5 36.Rb4 Re1+ 37.Kd4 Ke6 38.b6 Kd6 39.b7 Re4+ 40.Kc3 Rxb4 41.Kxb4 Kc7
42.Kc5 Kxb7 43.Kxd5 Kc7 44.Kc5 h6 45.Kd5 Kd7 46.f4 Kc7 47.f5 Kd7 48.Ke5 Kc6
49.h4 h5 50.Kf4 f6 51.Ke4 Kc5 52.Kd3 Kd5 53.b4 Ke5 54.b5 Kd5 55.b6 Kc6 56.Kd4  1-0

[Event "Primorsko op"]
[Site "Primorsko"]
[Date "1987.??.??"]
[Round "4"]
[White "Ionescu Ilie, Viorica"]
[Black "Gogalea, Eleonora"]
[Result "1-0"]
[WhiteElo "2220"]
[BlackElo "2070"]

1.d4 Nf6 2.c4 e6 3.Nc3 Bb4 4.Nf3 O-O 5.Bg5 h6 6.Bh4 c5 7.e3 d6 8.Bd3 Bxc3+
9.bxc3 Nc6 10.Nd2 g5 11.Bg3 e5 12.d5 Na5 13.O-O Qe7 14.Qc2 b6 15.f4 e4 16.Nxe4 Nxe4
17.Bxe4 Nxc4 18.Rae1 Ba6 19.Bd3 Na3 20.Qe2 Bxd3 21.Qxd3 c4 22.Qe2 f5 23.Qb2  1-0

[Event "Primorsko op"]
[Site "Primorsko"]
[Date "1987.??.??"]
[Round "6"]
[White "Kolev, Atanas"]
[Black "Bednarski, Jacek B"]
[Result "1-0"]
[WhiteElo "2380"]
[BlackElo "2360"]

1.Nf3 Nf6 2.c4 e6 3.Nc3 Bb4 4.d4 b6 5.Qb3 a5 6.g3 Nc6 7.Bg2 a4 8.Qc2 Ba6
9.O-O Bxc4 10.Ne5 Nxe5 11.Bxa8 Qxa8 12.dxe5 Ng4 13.Bf4 a3 14.f3 axb2 15.Qxb2 Bc5+
16.Kg2 Be3 17.Nd1 Bxf4 18.gxf4 O-O 19.h3 Nh6 20.Ne3 Ba6 21.Kh2 Bb7 22.Ng4 Nf5
23.Rg1 Kh8 24.e4 Ne7 25.Qf2 Qa3 26.Rad1 Bc6 27.Rd2 Ra8 28.Qg3 Qc3 29.Rdg2 Ng6
30.f5 exf5 31.exf5 Ne7 32.Nh6 g6 33.Nxf7+ Kg8 34.Nh6+ Kf8 35.f6 Nd5 36.Ng4 Ra4
37.Qh4  1-0

[Event "Reggio Emilia8788-B"]
[Site "Reggio Emilia"]
[Date "1987.??.??"]
[Round "10"]
[White "Medancic, Rikard"]
[Black "Klauser, Markus"]
[Result "1-0"]
[WhiteElo "2320"]
[BlackElo "2375"]

1.d4 Nf6 2.c4 e6 3.Nc3 Bb4 4.Nf3 b6 5.Bg5 h6 6.Bh4 g5 7.Bg3 Ne4 8.Qc2 Bb7
9.Nd2 Bxc3 10.bxc3 Nxg3 11.hxg3 Nc6 12.e3 Qe7 13.Rb1 e5 14.Be2 Na5 15.Rb5 c5
16.d5 d6 17.g4 Bc8 18.Rb1 Bd7 19.f3 Kd8 20.Bd3 Kc7 21.Kf2 Rag8 22.Rh5 f6
23.Rbh1 Qg7 24.Bf5 Be8 25.R5h3 Bg6 26.Bxg6 Qxg6 27.Qxg6 Rxg6 28.e4 Nb7 29.Nf1 Nd8
30.Ng3 Nf7 31.Nf5 Kb7 32.Ke3 Ka6 33.Kd3 Ka5 34.R3h2 Rh7 35.a4 Rg8 36.Rb1 Rgh8
37.Ng3 Rf8 38.Rb5+ Ka6 39.Rh1 Nd8 40.Nf5 Nf7 41.a5 Rb8 42.Ng3 Kb7 43.Nh5 Kc7
44.Nxf6 Rhh8 45.Nh5 a6 46.axb6+ Rxb6 47.Ra5 Kb7 48.Rha1 Ra8 49.Kc2 Nh8 50.Ng7 Ng6
51.Nf5 Nf4 52.g3 Ng6 53.Rh1 Rh8 54.Rh5 Ka7 55.Ra2 Rh7 56.Rxh6 Rxh6 57.Nxh6 Nh8
58.Ra1 Rb7 59.Rh1 a5 60.Nf5 Nf7 61.Ne3 Ka6 62.Nf5 a4 63.Ra1 Ka5 64.Rb1 Ra7
65.Rb8 a3 66.Kb3 a2 67.Kxa2 Ka4 68.Rb5 Nd8 69.Nxd6 Nb7 70.Nxb7  1-0

[Event "FRA-ch"]
[Site "Rouen"]
[Date "1987.??.??"]
[Round "1"]
[White "Chabanon, Jean Luc"]
[Black "Villeneuve, Alain"]
[Result "0-1"]
[WhiteElo "2200"]
[BlackElo "2310"]

1.d4 Nf6 2.c4 e6 3.Nc3 Bb4 4.Nf3 c5 5.g3 Nc6 6.Bg2 Ne4 7.Bd2 Nxd2 8.Qxd2 cxd4
9.Nxd4 Ne5 10.Nc2 Be7 11.b3 f5 12.O-O O-O 13.Rad1 a6 14.e4 f4 15.gxf4 Ng6
16.f5 exf5 17.Qd5+ Kh8 18.f4 fxe4 19.f5 Nh4 20.Bxe4 d6 21.Rd3 Qb6+ 22.Kh1 Qc5
23.b4 Qxd5 24.Nxd5 Bd8 25.Nd4 Bd7 26.Rf4 Rc8 27.f6 g5 28.Rxh4 gxh4 29.Bf5 Bxf5
30.Nxf5 Rxc4 31.Nxd6 Rc1+ 32.Kg2 Bxf6 33.Rf3 Rc6 34.Nxb7 Bg7 35.Rxf8+ Bxf8
36.a4 Rc4 37.b5 Rxa4 38.b6 Rd4 39.Nc7 Rb4 40.Na8 Kg7 41.Nd8 Bd6 42.h3 Rb3
43.Nc6 Bc5  0-1

[Event "FRA-ch"]
[Site "Rouen"]
[Date "1987.??.??"]
[Round "8"]
[White "Villeneuve, Alain"]
[Black "Mohebbi, Jafar"]
[Result "1-0"]
[WhiteElo "2310"]
[BlackElo "2200"]

1.d4 Nf6 2.c4 e6 3.Nc3 Bb4 4.Nf3 b6 5.e3 Bb7 6.Bd3 O-O 7.O-O Bxc3 8.bxc3 c5
9.Nd2 d5 10.cxd5 Nxd5 11.Bb2 Nd7 12.Rc1 f5 13.c4 Nb4 14.Bb1 Qg5 15.Nf3 Qh6
16.Qe2 Nf6 17.a3 Na6 18.Ne5 Rad8 19.Rcd1 cxd4 20.exd4 Nh5 21.g3 Nc7 22.f3 Qg5
23.Bc1 Qe7 24.Rfe1 Qe8 25.Qf2 Qa4 26.Bc2 Qa5 27.a4 Nf6 28.Bd2 Qa6 29.Bc3 Nd7
30.Bb3 Rfe8 31.d5 Nc5 32.d6 Na8 33.d7 Re7 34.Bb4 Nc7 35.Bxc5 bxc5 36.Qxc5 Qb6
37.Qxb6 axb6 38.a5 bxa5 39.c5 Kf8 40.c6 Ba6  1-0

[Event "FRA-ch"]
[Site "Rouen"]
[Date "1987.??.??"]
[Round "13"]
[White "Chabanon, Jean Luc"]
[Black "Mohebbi, Jafar"]
[Result "1-0"]
[WhiteElo "2200"]
[BlackElo "2200"]

1.d4 Nf6 2.c4 e6 3.Nc3 Bb4 4.Nf3 b6 5.Bg5 Bb7 6.e3 h6 7.Bh4 Bxc3+ 8.bxc3 d6
9.d5 exd5 10.cxd5 g5 11.Bg3 Nxd5 12.Nd4 Nxc3 13.Qh5 Nc6 14.Rc1 Nxd4 15.Rxc3 Qe7
16.h4 O-O-O 17.hxg5 hxg5 18.Qxh8 Rxh8 19.Rxh8+ Kd7 20.Kd2 Ne6 21.Rb8 Bc6
22.Ba6 Nd8 23.e4 Bxe4 24.Bc8+ Ke8 25.Re3 d5 26.f3 Qb4+ 27.Ke2 Nc6 28.Ra8 Nd4+
29.Kf1 Nc2 30.Re2 Ke7 31.Rxa7 Nd4 32.Rxc7+ Kf6 33.fxe4 Nxe2 34.e5+ Kg6 35.Kxe2 Qe4+
36.Kf1 Qd3+ 37.Kf2 d4 38.e6 Qe3+ 39.Kf1 Qxg3 40.e7 Qf4+ 41.Kg1 Qe3+ 42.Kh2 Kf6
43.Ba6 Kf5 44.Rd7 Qe5+ 45.g3 Ke4 46.Kg2 Ke3 47.Bb7 d3 48.Bc6 d2 49.Kf1 Qf6+
50.Kg1 Qf2+ 51.Kh1 Qe1+ 52.Kh2 Kf2 53.Rxd2+ Qxd2 54.e8=Q f5 55.Bg2 f4 56.Qc6 fxg3+
57.Kh3 Qe2 58.Qxb6+ Ke1 59.Qb4+ Kf2 60.Qd4+ Ke1 61.Qc3+ Kf2 62.Qxg3+  1-0

[Event "Sarajevo"]
[Site "Sarajevo"]
[Date "1987.??.??"]
[Round "?"]
[White "Cvitan, Ognjen"]
[Black "Kurajica, Bojan"]
[Result "1-0"]
[WhiteElo "2500"]
[BlackElo "2495"]

1.d4 Nf6 2.c4 e6 3.Nc3 Bb4 4.Nf3 c5 5.g3 cxd4 6.Nxd4 O-O 7.Bg2 d5 8.O-O dxc4
9.Qa4 Qb6 10.Qb5 e5 11.Qxe5 Bd6 12.Qe3 Re8 13.Nd5 Qd8 14.Nxf6+ gxf6 15.Qc3 Be5
16.Be3 f5 17.Qxc4 Qf6 18.Rad1 Nd7 19.b3 f4 20.gxf4 Bxf4 21.Bxf4 Qxf4 22.e3 Qg5
23.f4 Qh5 24.Bf3 Qc5 25.Qxc5 Nxc5 26.Rc1 Na6 27.Rc3 Rb8 28.a3 Bd7 29.Rfc1 b5
30.b4 Rb6 31.Kf2 Rh6 32.Bc6 Nb8 33.Bxd7 Nxd7 34.Rc8 Rf8 35.Rg1+ Kh8 36.Rxf8+ Nxf8
37.Nxb5 a6 38.Nd4 Rxh2+ 39.Rg2 Rh6 40.Rg5 Rd6 41.Rc5 Rb6 42.Rc8 Kg8 43.e4 Rd6
44.Ke3 h5 45.e5 Rg6 46.f5 Rg3+ 47.Kf2 Rd3 48.e6  1-0

[Event "Sevilla op"]
[Site "Sevilla"]
[Date "1987.??.??"]
[Round "?"]
[White "Lalic, Bogdan"]
[Black "Ochoa de Echaguen, F Javier"]
[Result "1/2-1/2"]
[WhiteElo "2440"]
[BlackElo "2430"]

1.d4 Nf6 2.c4 e6 3.Nc3 Bb4 4.Nf3 b6 5.e3 Bb7 6.Bd3 O-O 7.O-O Bxc3 8.bxc3 d6
9.Re1 Ne4 10.Nd2 f5 11.f3 Nxd2 12.Bxd2 Nd7 13.Qc2 Nf6 14.d5 g6 15.e4 fxe4
16.Bxe4 Nxe4 17.Qxe4 e5 18.f4 Qf6 19.Rf1 Rae8 20.Rae1 Qf5 21.Qe2 e4 22.g4 Qd7
23.Be3 c5 24.dxc6 Qxc6 25.f5 Ba6 26.fxg6 hxg6 27.Bd4 Qxc4 28.Rxf8+ Rxf8 29.Qxc4+  1/2-1/2

[Event "Sochi"]
[Site "Sochi"]
[Date "1987.??.??"]
[Round "?"]
[White "Lalic, Bogdan"]
[Black "Psakhis, Lev"]
[Result "1/2-1/2"]
[WhiteElo "2485"]
[BlackElo "2575"]

1.d4 Nf6 2.c4 e6 3.Nc3 Bb4 4.Nf3 b6 5.Bg5 Bb7 6.e3 h6 7.Bh4 Bxc3+ 8.bxc3 d6
9.Nd2 Nbd7 10.f3 Qe7 11.Be2 O-O-O 12.a4 a5 13.Qb3 g5 14.Bf2 Nh5 15.O-O-O f5
16.Rde1 Rhf8 17.Qa3 e5 18.f4 Qf7 19.fxe5 dxe5 20.c5 Nhf6  1/2-1/2

[Event "Sochi"]
[Site "Sochi"]
[Date "1987.??.??"]
[Round "?"]
[White "Lalic, Bogdan"]
[Black "Kharitonov, Andrei Y"]
[Result "1/2-1/2"]
[WhiteElo "2485"]
[BlackElo "2450"]

1.d4 Nf6 2.c4 e6 3.Nc3 Bb4 4.Nf3 c5 5.g3 Nc6 6.Bg2 Ne4 7.Bd2 Bxc3 8.bxc3 O-O
9.O-O Qa5 10.d5 Nd8 11.Qc2 f5 12.Ng5 Nxd2 13.Qxd2 h6 14.Nf3 d6 15.dxe6 Bxe6
16.Qxd6 Rf6 17.Ne5 Nf7 18.Nxf7 Bxf7 19.Qd7 Bxc4 20.Qxb7 Rd8 21.Rfd1 Rxd1+
22.Rxd1 Qxc3 23.h4 Rf8 24.Qxa7 Bxe2 25.Qe7 Bf3 26.Rd8 Rxd8 27.Qxd8+ Kh7 28.Qf8 Be4
29.Bxe4 fxe4 30.Qf5+  1/2-1/2

[Event "Sochi"]
[Site "Sochi"]
[Date "1987.??.??"]
[Round "?"]
[White "Lalic, Bogdan"]
[Black "Horvath, Jozsef"]
[Result "1/2-1/2"]
[WhiteElo "2485"]
[BlackElo "2465"]

1.d4 Nf6 2.c4 e6 3.Nc3 Bb4 4.Nf3 c5 5.g3 cxd4 6.Nxd4 O-O 7.Bg2 d5 8.O-O dxc4
9.Qa4 Na6 10.Ndb5 Nd5 11.Rd1 Bd7 12.Nxd5 exd5 13.Rxd5 Qe8 14.Be3 Bc6 15.a3 Bxd5
16.Bxd5 Bc5 17.Bxb7 Rb8 18.Qxa6 Bxe3 19.fxe3 Qxe3+ 20.Kf1 Qd2 21.a4 Qxb2
22.Ra3 Rxb7 23.Qxb7 a6 24.Rf3  1/2-1/2

[Event "Sochi"]
[Site "Sochi"]
[Date "1987.??.??"]
[Round "?"]
[White "Ortega, Lexy"]
[Black "Panchenko, Alexander N"]
[Result "0-1"]
[WhiteElo "2440"]
[BlackElo "2450"]

1.d4 Nf6 2.c4 e6 3.Nc3 Bb4 4.Nf3 b6 5.g3 Bxc3+ 6.bxc3 Ba6 7.Ne5 O-O 8.Bg2 c6
9.Ba3 d6 10.Nxc6 Nxc6 11.Bxc6 Rc8 12.Qa4 Qc7 13.Qxa6 Qxc6 14.f3 Rfd8 15.Rc1 Qxc4
16.Qxc4 Rxc4 17.Rc2 Ra4 18.Bc1 Rc8 19.Kd2 b5 20.e4 Nd7 21.Kd3 Nb6 22.h4 Kf8
23.h5 a6 24.g4 Ke7 25.h6 g6 26.e5 Nd5 27.Bd2 Rac4 28.Rb1 dxe5 29.dxe5 R8c5
30.Re1 Nb4+  0-1

[Event "SWE-ch"]
[Site "Stockholm"]
[Date "1987.??.??"]
[Round "?"]
[White "Wiedenkeller, Michael"]
[Black "Hellers, Ferdinand"]
[Result "1/2-1/2"]
[WhiteElo "2460"]
[BlackElo "2465"]

1.d4 Nf6 2.c4 e6 3.Nc3 Bb4 4.Nf3 b6 5.Bg5 Bb7 6.e3 h6 7.Bh4 Bxc3+ 8.bxc3 d6
9.Bd3 Nbd7 10.O-O Qe7 11.Nd2 g5 12.Bg3 h5 13.f3 h4 14.Bf2 O-O-O 15.h3 Nh5
16.Be4 f5 17.Bxb7+ Kxb7 18.a4 a5 19.Rb1 Rdg8 20.c5 dxc5 21.Nc4 Ra8 22.Rb5 Ng3
23.Re1 Rhd8 24.Qb3 Kc8 25.Rb1 cxd4 26.cxd4 g4 27.Qc2 gxf3 28.Bxg3 hxg3 29.Rxb6 f2+
30.Kf1 Nf6 31.Qb3 Rd5 32.Rb8+ Rxb8 33.Qxb8+ Kd7 34.Rb7 Qd8 35.Qa7 Ne4 36.Rb8 Qe7
37.Nb6+ Kd6 38.Nc8+ Kd7 39.Nb6+ Kd6 40.Nc8+ Kd7  1/2-1/2

[Event "Rilton Cup"]
[Site "Stockholm"]
[Date "1987.??.??"]
[Round "?"]
[White "Wiedenkeller, Michael"]
[Black "Magnusson, Joergen"]
[Result "1-0"]
[WhiteElo "2450"]
[BlackElo "2205"]

1.d4 Nf6 2.c4 e6 3.Nc3 Bb4 4.Nf3 c5 5.g3 cxd4 6.Nxd4 O-O 7.Bg2 Nc6 8.O-O Na5
9.Qa4 Be7 10.Bd2 a6 11.Nd5 Nc6 12.Nxc6 dxc6 13.Ba5 Qd6 14.Bc7 Qd7 15.Nxe7+ Qxe7
16.Qa5 Re8 17.f4 Ng4 18.Bb6 e5 19.f5 e4 20.Rf4 Ne5 21.b3 Qf6 22.Raf1 e3 23.Re4 Qd6
24.Bc7  1-0

[Event "SWE-ch"]
[Site "Stockholm"]
[Date "1987.??.??"]
[Round "?"]
[White "Wiedenkeller, Michael"]
[Black "Bergstrom, Christer"]
[Result "0-1"]
[WhiteElo "2460"]
[BlackElo "2435"]

1.d4 Nf6 2.c4 e6 3.Nc3 Bb4 4.Nf3 b6 5.Bg5 Bb7 6.e3 h6 7.Bh4 g5 8.Bg3 Ne4
9.Nd2 Nxg3 10.fxg3 Nc6 11.Bd3 f5 12.Qh5+ Kf8 13.g4 Qe8 14.Qh3 Kg7 15.O-O f4
16.exf4 Nxd4 17.f5 exf5 18.gxf5 Bc5 19.Kh1 h5 20.Nde4 g4 21.Qh4 Qe5 22.Rae1 Rae8
23.Nxc5 Bxg2+ 24.Kxg2 Nf3 25.Rxe5 Nxh4+ 26.Kf2 Rxe5 27.Nxd7 Ra5 28.f6+ Kf7
29.Re1 Re8 30.Be4 c6 31.Kg3 Nf5+ 32.Kf4 Nd6 33.Rd1 Nxc4 34.Bxc6 Ne3 35.Rd3 Rf5+
36.Kg3 h4+ 37.Kxh4 Rh8+ 38.Kg3 Rh3+  0-1

[Event "URS-FL"]
[Site "Sverdlovsk"]
[Date "1987.??.??"]
[Round "?"]
[White "Yermolinsky, Alex"]
[Black "Khalifman, Alexander"]
[Result "1/2-1/2"]
[WhiteElo "2445"]
[BlackElo "2515"]

1.c4 Nf6 2.Nf3 e6 3.Nc3 Bb4 4.d4 c5 5.g3 cxd4 6.Nxd4 Ne4 7.Qd3 Qa5 8.Nb3 Nxc3
9.Nxa5 Ne4+ 10.Bd2 Bxd2+ 11.Qxd2 Nxd2 12.Kxd2 Nc6 13.Nxc6 dxc6 14.Kc3 Ke7
15.Rd1 e5 16.Bg2 Be6 17.Bf3 Rhd8 18.e3 Rxd1 19.Rxd1 Rd8 20.Rxd8 Kxd8 21.a3  1/2-1/2

[Event "BCF-ch"]
[Site "Swansea"]
[Date "1987.??.??"]
[Round "?"]
[White "Martin, Andrew D"]
[Black "Rossiter, Philip J"]
[Result "0-1"]
[WhiteElo "2375"]
[BlackElo "2220"]

1.Nf3 Nf6 2.d4 e6 3.c4 Bb4+ 4.Nc3 c5 5.e3 Nc6 6.d5 exd5 7.cxd5 Ne7 8.d6 Nf5
9.Qd3 Bxc3+ 10.bxc3 Qa5 11.Nd2 Nh4 12.e4 O-O 13.Nc4 Qd8 14.Bg5 Ng6 15.Be2 h6
16.Be3 Re8 17.Nd2 b6 18.O-O Ne5 19.Qc2 Nfg4 20.Bf4 Ng6 21.Bg3 h5 22.Bxg4 hxg4
23.Rfe1 Bb7 24.a4 Qg5 25.Nc4 Re6 26.Re3 Rae8 27.Rae1 Ba6 28.Nd2 Ne5 29.f4 gxf3
30.Nxf3 Nxf3+ 31.gxf3 Rxd6 32.f4 Qg4 33.f5 Rh6 34.c4 Bb7 35.R1e2 Rd6 36.Rd2 Rxd2
37.Qxd2 Rxe4 38.Rxe4 Qxe4 39.f6 gxf6 40.Bb8 a6  0-1

[Event "BCF-ch"]
[Site "Swansea"]
[Date "1987.??.??"]
[Round "?"]
[White "Rossiter, Philip J"]
[Black "Levitt, Jonathan"]
[Result "1/2-1/2"]
[WhiteElo "2220"]
[BlackElo "2455"]

1.d4 Nf6 2.c4 e6 3.Nc3 Bb4 4.Nf3 b6 5.e3 Ne4 6.Qc2 Bb7 7.Bd3 Bxc3+ 8.bxc3 f5
9.O-O O-O 10.Ne1 Qh4 11.Ba3 d6 12.f3 Nf6 13.c5 bxc5 14.dxc5 Re8 15.Bb5 Bc6
16.c4 Nfd7 17.Rd1 Nxc5 18.Bxc5 dxc5 19.Qa4 Bxb5 20.Qxb5 Qe7 21.Rf2 c6 22.Qa4 Nd7
23.Qxc6 Nb6 24.Qb5 Rab8 25.Qa6 Red8 26.Rfd2 Rxd2 27.Rxd2 Rd8 28.Rd3 h6 29.Qb5 Qh4
30.g3 Qf6 31.Kf2 Rxd3 32.Nxd3 Qc3 33.Qe8+ Kh7 34.Nf4 Qd2+ 35.Kf1 Nxc4  1/2-1/2

[Event "Timisoara"]
[Site "Timisoara"]
[Date "1987.??.??"]
[Round "?"]
[White "Ghitescu, Theodor"]
[Black "Xu Jun"]
[Result "1/2-1/2"]
[WhiteElo "2405"]
[BlackElo "2495"]

1.d4 Nf6 2.c4 e6 3.Nc3 Bb4 4.Nf3 O-O 5.Bg5 c5 6.e3 cxd4 7.exd4 d5 8.Rc1 b6
9.cxd5 exd5 10.Be2 Bb7 11.O-O Nbd7 12.Bb5 Be7 13.Re1 a6 14.Bxd7 Qxd7 15.Na4 Bd8
16.Ne5 Qb5 17.Qb3 Qxb3 18.axb3 Re8 19.Bxf6 gxf6 20.Ng4 Rxe1+ 21.Rxe1 Kf8
22.Ne3 b5 23.Nc5 Bc6 24.Rc1 a5 25.f4 Ke8 26.Kf2 Bb6 27.Ng4 Ke7 28.Re1+ Kd6
29.Nh6 Ra7 30.Nf5+ Kc7 31.Re3 Bd7 32.Nxd7 Kxd7 33.Re7+ Kd8 34.Rxa7 Bxa7 35.Ke3 Kd7
36.g4 Bb8 37.Nh6 Bd6 38.Nxf7 Bf8 39.g5 Ke8 40.g6 hxg6 41.Nh8 g5 42.Ng6 Bd6
43.h4 Kf7 44.h5 Kg7 45.Kf3 Bb4 46.fxg5 fxg5 47.Ne5 Bd2 48.Ke2 Bf4 49.Nd3 Bh2
50.Ne5 Bf4 51.Nd3 Bh2 52.Ne5  1/2-1/2

[Event "Vrnjacka Banja"]
[Site "Vrnjacka Banja"]
[Date "1987.??.??"]
[Round "7"]
[White "Renet, Olivier"]
[Black "Ristic, Nebojsa"]
[Result "1/2-1/2"]
[WhiteElo "2455"]
[BlackElo "2315"]

1.d4 Nf6 2.Nf3 e6 3.c4 Bb4+ 4.Nc3 d5 5.cxd5 exd5 6.Bg5 c6 7.Qc2 Nbd7 8.e3 h6
9.Bh4 g5 10.Bg3 Ne4 11.Bd3 Nxg3 12.hxg3 Nf6 13.Nxg5 Ng4 14.Nf3 Be6 15.Bf5 Qf6
16.Bxe6 fxe6 17.Rh4 Rg8 18.O-O-O O-O-O 19.Ne5 h5 20.Nd3 Bxc3 21.bxc3 Rg5
22.Rd2 e5 23.Qa4 a6 24.Rb2 Rd7 25.dxe5 Nxe5 26.Nxe5 Qxe5 27.Qd4 c5 28.Qxe5 Rxe5
29.Rb6 Kc7 30.Rh6 Rf5 31.Rf4 Rg5 32.Kd2 d4 33.cxd4 cxd4 34.Rxd4 Rxd4+ 35.exd4 Ra5
36.Rh7+ Kc6 37.Ke3 Ra3+ 38.Ke4 Rxa2 39.d5+ Kc5 40.Rxb7 Rxf2 41.Rc7+ Kd6 42.Rc6+ Kd7
43.Rxa6 Rxg2 44.Kf4 Rd2 45.Ke5 Re2+ 46.Kd4 Rd2+ 47.Ke4 Re2+ 48.Kf4 Rd2 49.Rg6 Rxd5
50.Rg5 Rd4+ 51.Kf5  1/2-1/2

[Event "Vrnjacka Banja"]
[Site "Vrnjacka Banja"]
[Date "1987.??.??"]
[Round "11"]
[White "Lukacs, Peter"]
[Black "Rajkovic, Dusan"]
[Result "1/2-1/2"]
[WhiteElo "2500"]
[BlackElo "2450"]

1.d4 Nf6 2.c4 e6 3.Nc3 Bb4 4.Nf3 b6 5.Bg5 Bb7 6.e3 h6 7.Bh4 c5 8.Bd3 cxd4
9.exd4 Be7 10.O-O O-O 11.Re1 d6 12.Rc1 Nbd7 13.h3 Re8 14.Bg3 a6 15.a3 Ra7
16.Ne4 Nxe4 17.Bxe4 Bxe4 18.Rxe4 b5 19.Re2 bxc4 20.Rxc4 Nb6 21.Rc6 Nd5 22.Qa4 Qd7
23.Rec2 f5 24.Bh2 a5 25.Nd2  1/2-1/2

[Event "Vrsac"]
[Site "Vrsac"]
[Date "1987.??.??"]
[Round "?"]
[White "Cvitan, Ognjen"]
[Black "Rajkovic, Dusan"]
[Result "1-0"]
[WhiteElo "2510"]
[BlackElo "2480"]

1.d4 Nf6 2.c4 e6 3.Nc3 Bb4 4.Nf3 b6 5.Bg5 h6 6.Bh4 Bb7 7.e3 c5 8.Rc1 cxd4
9.exd4 O-O 10.Be2 Be7 11.O-O d6 12.Ne1 a6 13.Nc2 Nbd7 14.Ne3 Re8 15.a3 Rc8
16.b4 Ne4 17.Nxe4 Bxe4 18.Bxe7 Qxe7 19.Re1 Nf6 20.Bf3 Bxf3 21.Qxf3 Qd7 22.h3 Qa4
23.Ra1 b5 24.c5 a5 25.Qd1 Qxd1 26.Rexd1 Red8 27.Rdc1 dxc5 28.dxc5 Ra8 29.a4 Rdb8
30.c6 Ne8 31.c7 Rc8 32.axb5 Nd6 33.b6 a4 34.Nc4  1-0

[Event "Warsaw zt-B"]
[Site "Warsaw"]
[Date "1987.??.??"]
[Round "?"]
[White "Staniszewski, Piotr"]
[Black "Farago, Ivan"]
[Result "0-1"]
[WhiteElo "2420"]
[BlackElo "2535"]

1.d4 Nf6 2.c4 e6 3.Nc3 Bb4 4.Nf3 b6 5.Bg5 h6 6.Bh4 g5 7.Bg3 Ne4 8.Qc2 Bb7
9.e3 Bxc3+ 10.bxc3 Nxg3 11.fxg3 g4 12.Nh4 Qg5 13.Qd2 Nc6 14.Bd3 f5 15.O-O O-O
16.Rf4 Ne7 17.Raf1 d5 18.cxd5 Nxd5 19.R4f2 Nf6 20.Bc4 Ne4 21.Bxe6+ Kh8 22.Qe1 Nxf2
23.Qxf2 Be4 24.Qf4 Rf6 25.Bxf5 Re8 26.h3 gxh3 27.gxh3 Bd5 28.Re1 Bxa2 29.e4 Be6
30.Kf2 Qxf4+ 31.gxf4 Bxf5 32.Nxf5 Rxf5  0-1

[Event "Hoogovens-B"]
[Site "Wijk aan Zee"]
[Date "1987.??.??"]
[Round "?"]
[White "Farago, Ivan"]
[Black "Carlier, Bruno"]
[Result "1/2-1/2"]
[WhiteElo "2535"]
[BlackElo "2360"]

1.d4 Nf6 2.c4 e6 3.Nf3 Bb4+ 4.Nc3 b6 5.Bg5 Bb7 6.e3 h6 7.Bh4 g5 8.Bg3 d6
9.Nd2 Bxc3 10.bxc3 Nbd7 11.h4 Rg8 12.hxg5 hxg5 13.a4 Ke7 14.a5 Rh8 15.Rxh8 Qxh8
16.axb6 axb6 17.Rxa8  1/2-1/2

[Event "Zenica"]
[Site "Zenica"]
[Date "1987.??.??"]
[Round "?"]
[White "Lalic, Bogdan"]
[Black "Subasic, Ilijas"]
[Result "1-0"]
[WhiteElo "2440"]
[BlackElo "2335"]

1.d4 Nf6 2.c4 e6 3.Nc3 Bb4 4.Nf3 c5 5.g3 O-O 6.Bg2 cxd4 7.Nxd4 d5 8.cxd5 Nxd5
9.Bd2 Bxc3 10.bxc3 e5 11.Nb3 Nc6 12.Bg5 Qxg5 13.Qxd5 Bg4 14.h3 Rad8 15.Qb5 Bc8
16.e3 Rd6 17.Nd2 Qe7 18.Ne4 Rg6 19.Qc5 Qc7 20.Rd1 b6 21.Qa3 Na5 22.O-O Nc4
23.Qb4 Bb7 24.Rfe1 h6 25.Rd3 f5 26.Nc5 Bxg2 27.Qxc4+ Kh8 28.Kxg2 bxc5 29.Rd5 f4
30.exf4 exf4 31.Qxc5 Qf7 32.Rd7 Qg8 33.g4 f3+ 34.Kg3 a6 35.Ree7 Rc8 36.Qd4 Rg5
37.h4 Rg6 38.h5 Rg5 39.Rd6 Kh7 40.Qe4+ Kh8 41.Rde6  1-0

[Event "EU-ch U20"]
[Site "Arnhem"]
[Date "1988.??.??"]
[Round "8"]
[White "Van Wely, Loek"]
[Black "Delchev, Aleksander"]
[Result "0-1"]
[WhiteElo "2325"]
[BlackElo "2415"]

1.d4 Nf6 2.Nf3 e6 3.c4 Bb4+ 4.Nc3 c5 5.g3 cxd4 6.Nxd4 Ne4 7.Qc2 Qa5 8.Nb5 d5
9.Bf4 Na6 10.Bg2 Bxc3+ 11.bxc3 Bd7 12.cxd5 exd5 13.Nd6+ Nxd6 14.Bxd6 Bf5
15.e4 O-O-O 16.exf5 Rhe8+ 17.Kf1 Rxd6 18.Bf3 Nc5 19.Kg2 Qa4 20.Qb2 Nd3 21.Qd2 Ne5
22.Bxd5 Red8 23.Qd4 Qxd4 24.cxd4 Rxd5 25.dxe5 Rxe5 26.Rac1+ Kb8 27.Rhe1 Rdd5
28.g4 b5 29.Kg3 b4 30.Kf4 f6 31.Rxe5 Rxe5 32.g5 Kb7 33.h4 Re2 34.Rb1 a5 35.a3 Rxf2+
36.Kg4 Kb6 37.axb4 a4 38.gxf6 gxf6 39.Kh5 Rxf5+ 40.Kh6 Kb5 41.Rh1 Rf2 42.Kxh7 Rg2
43.Rh3 Kxb4 44.h5 a3 45.h6 a2 46.Rh1 Rb2 47.Ra1 Ka3 48.Kg6 Rh2  0-1

[Event "Baku"]
[Site "Baku"]
[Date "1988.??.??"]
[Round "?"]
[White "Huzman, Alexander"]
[Black "Dizdar, Goran"]
[Result "1-0"]
[WhiteElo "2465"]
[BlackElo "2500"]

1.d4 Nf6 2.c4 e6 3.Nc3 Bb4 4.Nf3 d5 5.Bg5 c5 6.cxd5 exd5 7.dxc5 Nbd7 8.Rc1 Qa5
9.Bd2 Bxc5 10.e3 Qd8 11.Qb3 O-O 12.Nxd5 b6 13.Bc4 Ne4 14.Qc2 Re8 15.Nc3 Ndf6
16.Nxe4 Nxe4 17.Qb3 Qe7 18.O-O Bg4 19.Rfd1 Bxf3 20.gxf3 Ng5 21.Bd5 Rad8 22.Be1 Qd7
23.h4 Ne6 24.Bxe6 Qxe6 25.Qxe6 fxe6 26.Bc3 Kf7 27.Be5 Rd5 28.Rxd5 exd5 29.f4 g6
30.Kg2 Ke6 31.Kf3 Re7 32.Kg4 h5+ 33.Kg5 Kf7 34.b4 Bxb4 35.Rc6 Re6 36.Rxe6 Kxe6
37.Kxg6 Ke7 38.f5  1-0

[Event "Baku"]
[Site "Baku"]
[Date "1988.??.??"]
[Round "?"]
[White "Sideif Sade, Fikret I"]
[Black "Dizdar, Goran"]
[Result "1/2-1/2"]
[WhiteElo "2395"]
[BlackElo "2500"]

1.d4 Nf6 2.c4 e6 3.Nc3 Bb4 4.Nf3 d5 5.cxd5 exd5 6.Bg5 h6 7.Bxf6 Qxf6 8.Qb3 Qb6
9.e3 c6 10.Bd3 O-O 11.Ne5 Nd7 12.f4 c5 13.a3 cxd4 14.Nxd7 Bxc3+ 15.Qxc3 dxc3
16.Nxb6 cxb2 17.Ra2 axb6 18.Kd2 Bd7 19.Rb1 Ra5 20.Rbxb2 b5 21.Ra1 Rfa8 22.Rb3 Kf8
23.Kc3 Ke7 24.Kb2 Bc6 25.Rb4 Kd6 26.Bc2 Re8 27.Re1 Rea8 28.Ra1 Re8 29.Re1 Re7
30.Bb3 Kc5 31.Rc1+ Kb6 32.Rc3 Ra8 33.Rd4 Rd8 34.g3 f6 35.Kc1 Rde8 36.Kd2 Re4
37.Rdd3 Rd8 38.Rd4 Rxd4+ 39.exd4 b4 40.axb4 Kb5 41.Re3 Kxb4 42.Kc2 Rd7 43.Kb2 Bb5
44.g4 Ba4 45.Ba2 Rc7 46.Bxd5 Rd7 47.Bf3 Rxd4 48.Bxb7 Rxf4 49.Bf3 Rc4 50.Be2 Rc2+
51.Kb1 Rd2 52.Kc1 Rd7 53.Re4+ Ka5 54.h4 Bc6 55.Rf4 Rd5 56.Bc4 Re5 57.Kd2 Kb6
58.Bd3 Kc5 59.Kc3 Bd7 60.Rc4+ Kd6 61.Rf4 Re3 62.Kd4 Rh3 63.g5 Ke7 64.gxf6+ gxf6
65.Bg6 Rg3 66.h5 Rg5 67.Ke3 f5 68.Rd4 f4+ 69.Kf3 Be6 70.Kxf4 Ra5  1/2-1/2

[Event "Barcelona"]
[Site "Barcelona"]
[Date "1988.??.??"]
[Round "?"]
[White "Campos Lopez, Mario"]
[Black "Przewoznik, Jan"]
[Result "1/2-1/2"]
[WhiteElo "2330"]
[BlackElo "2375"]

1.d4 Nf6 2.c4 e6 3.Nc3 Bb4 4.Nf3 c5 5.g3 b6 6.Bg2 Bb7 7.O-O O-O 8.d5 Bxc3
9.bxc3 d6 10.Nh4 e5 11.e4 Nbd7 12.Qd3 Re8 13.Bg5 Qc7 14.Nf5 h6 15.Bh4 Kh7
16.f4 Ng8 17.Ne3 g6 18.Rf2 Rf8 19.Qe2 Rae8 20.f5 Ndf6 21.fxg6+ fxg6 22.g4 Rf7
23.Raf1 Ref8 24.Bg3 Ne8 25.Bf3 Bc8 26.h4 Qe7 27.Kh2 Ng7 28.Qd3 Bd7 29.Be2 Rxf2+
30.Rxf2 Rxf2+ 31.Bxf2 Nf6 32.Kg2 Qe8 33.Bf3 Qc8 34.Qe2 Qa6 35.Be1 Qa3 36.Qc2 h5
37.g5 Ng4 38.Bxg4 hxg4 39.Bg3 Nh5 40.Qd2 Kg7 41.Kh2 Qa6 42.Qf2 Qc8 43.Kg2 Qf8
44.Qxf8+ Kxf8 45.Kf2 Ke8 46.Nf1 Kd8 47.Ke3 Kc7 48.Bf2 Kb7 49.Ng3 Nf4 50.Kd2 Be8
51.Be3 Ng2 52.h5 gxh5 53.Nf5 Kc7 54.Bf2 Kd7 55.Bg3 Bg6 56.Ke2 h4 57.Kf2 h3
58.Bh2 Bxf5 59.exf5 Ke8 60.g6 Nh4 61.Kg3 Nxf5+ 62.Kxg4 Ne3+ 63.Kxh3 Kf8 64.Kh4 Nxc4
65.Kg5 Ne3 66.Bxe5 Nxd5  1/2-1/2

[Event "Barcelona"]
[Site "Barcelona"]
[Date "1988.??.??"]
[Round "?"]
[White "Rodriguez Talavera, Juan Carlos"]
[Black "Campos Lopez, Mario"]
[Result "0-1"]
[WhiteElo "2275"]
[BlackElo "2330"]

1.d4 Nf6 2.c4 e6 3.Nc3 Bb4 4.Nf3 c5 5.g3 cxd4 6.Nxd4 O-O 7.Bg2 d5 8.Qb3 Bxc3+
9.bxc3 Nc6 10.cxd5 Na5 11.Qc2 Nxd5 12.Ba3 Re8 13.Qd3 Bd7 14.Rc1 Rc8 15.Nb3 Nc4
16.Bc5 Bb5 17.O-O b6 18.Nd4 Ba6 19.Bb4 Bb7 20.Nc2 a5 21.Ba3 Qf6 22.Rfd1 Ba8
23.Kf1 Red8 24.Bxd5 Rxd5 25.Nd4 e5 26.Qf5 Qd8 27.Be7 exd4 28.Bxd8 Rxf5 29.Rxd4 Rd5  0-1

[Event "Barcelona"]
[Site "Barcelona"]
[Date "1988.??.??"]
[Round "?"]
[White "Rodriguez Talavera, Juan Carlos"]
[Black "Przewoznik, Jan"]
[Result "1/2-1/2"]
[WhiteElo "2275"]
[BlackElo "2375"]

1.d4 Nf6 2.c4 e6 3.Nc3 Bb4 4.Nf3 c5 5.g3 cxd4 6.Nxd4 O-O 7.Bg2 d5 8.cxd5 Nxd5
9.Bd2 Nxc3 10.bxc3 Bc5 11.Be3 Qe7 12.Qb3 e5 13.Nc2 Na6 14.O-O Rb8 15.Bxc5 Nxc5
16.Qa3 b6 17.Nb4 Bb7 18.Qxa7 Qe6 19.Bxb7 Rxb7 20.Qa3 Qc4 21.Qb2 Na4 22.Qb3  1/2-1/2